000
00270nam a22001097a 4500
005
20250901165809.0
008
250320b |||||||| |||| 00| 0 eng d
245
_a
NEVER SAY NEVER
_c
MUGO ANTHONY
260
_a
KENYA
_b
LONGHORN PUBLISHERS
_c
2013
300
_a
161
942
_2
lcc
999
_c
9352
_d
9352